Detalles MARC
| 000 -LIDER |
| fixed length control field |
01817nam a22002777a 4500 |
| 001 - NÚMERO DE CONTROL |
| Identificador de número de control |
000436 |
| 003 - IDENTIFICACDOR DE NÚMERO DE CONTROL |
| control field |
DO-SdBNP |
| 005 - DATE AND TIME OF LATEST TRANSACTION |
| control field |
20240904104121.0 |
| 007 - CAMPOS FIJOS DE DESCRIPCIÓN FÍSICA |
| fixed length control field |
000436 |
| 008 - ELEMENTOS DE LONGITUD FIJA |
| fixed length control field |
160829b 2007 sp ||||| |||| 00| 0 spa d |
| 020 ## - ISBN |
| International Standard Book Number |
9788420470962 |
| 040 ## - FUENTE DE CATALOGACIÓN |
| Agencia que crea de manera original el registro |
BPMSU |
| Idioma de catalogación |
spa |
| Agencia que realiza la transcripción |
BPMSU |
| 082 #4 - NÚMERO DE CLASIFICACIÓN DECIMAL DE DEWEY |
| Classification number |
808.83 |
| Item number |
S677m 2007 |
| Edition number |
22 |
| 092 ## - LOCALLY ASSIGNED DEWEY DECIMAL CALL NUMBER |
| Número de clasificación |
xxxxx |
| Número de ítem (Cutter) |
xxxxx |
| 245 00 - MENCIÓN DE TITULO |
| Título |
Sobre la marcha / |
| Mención de responsabilidad |
Susan Sontag ... [et al.] ; traducción de Aurelio Major. |
| 260 ## - PUBLICACIÓN, DISTRIBUCIÓN, ETC. (PIE DE IMPRENTA) |
| Lugar de publicación, distribución, etc |
Madrid : |
| Nombre del editor, distribuidor, etc. |
Alfaguara, |
| Fecha de publicación, distribución, etc |
2007 |
| 300 ## - DESCRIPCIÓN FÍSICA |
| Extensión |
274 p. : |
| Otros detalles físicos |
il. ; |
| Dimensiones |
21 cm. |
| 490 0# - MENCIÓN DE SERIES |
| Mención de serie |
Granta en español, |
| Volume/sequential designation |
7 |
| 505 0# - NOTA DE CONTENIDO |
| Título |
Diario: de Paris a Nueva York / |
| Mención de responsabilidad |
Susan Sontag -- |
| Título |
El hijo del coronel: una de zombis / |
| Mención de responsabilidad |
Roberto Bolaño -- |
| Título |
El esclavo Henrique: el periplo de Elcano / |
| Mención de responsabilidad |
Manuel Rivas -- |
| Título |
El mejor año de mi vida: un cuento en Puerto Rico / |
| Mención de responsabilidad |
Paul Theroux -- |
| Título |
Polaroids / |
| Mención de responsabilidad |
Bernardo Atxaga -- |
| Título |
Adiós, Natalia: un cibercuento sobre Ucrania y Montana / |
| Mención de responsabilidad |
Michel Faber -- |
| Título |
Paseando entre utopías fracasadas / |
| Mención de responsabilidad |
César Antonio Molina -- |
| Título |
El planeta de los judíos: un relato intergaláctico / |
| Mención de responsabilidad |
Gary Shteyngart -- |
| Título |
Catedrales: fotografías / |
| Mención de responsabilidad |
Santos Montes -- |
| Título |
Portbou: Paracaidismo, portentos y pasatiempos con Benjamin / |
| Mención de responsabilidad |
Miguel Martínez-Lage -- |
| Título |
Peregrina: resolana en Israel / |
| Mención de responsabilidad |
Patricia Hampl -- |
| Título |
White sands / |
| Mención de responsabilidad |
Geoff Dyer -- |
| Título |
Un camino equivocado / |
| Mención de responsabilidad |
Héctor Abad Faciolince -- |
| Título |
Apuntes desde la tierra de Nod: la lucha contra Morfeo / |
| Mención de responsabilidad |
Jim Lewis -- |
| Título |
Vida imaginada: de Florencia a Buenos Aires a Caracas en la memoria / |
| Mención de responsabilidad |
Alejandro Rossi -- |
| Título |
Historias de la escuela / |
| Mención de responsabilidad |
Kees Beekmans -- |
| Título |
La abadía de Northanger / |
| Mención de responsabilidad |
Martin Amis. |
| 590 ## - NOTA LOCAL |
| Texto de la nota local |
Inventariado, 2024/VM |
| 650 #4 - ENCABEZAMIENTO DE MATERIA--TEMÁTICO |
| Término temático o nombre geográfico como elemento de entrada |
Cuentos |
| Subdivisión de forma |
Colecciones |
| Lugar del evento |
|
| 700 1# - ASIENTO SECUNDARIO -- NOMBRE PERSONAL |
| Nombre personal |
Sontag, Susan |
| Mención de responsabilidad |
autor |
| 700 1# - ASIENTO SECUNDARIO -- NOMBRE PERSONAL |
| Nombre personal |
Major, Aurelio |
| Mención de responsabilidad |
tr. |
| 910 ## - VALIDACIÓN |
| Validación |
VMateo V. Control de calidad. BPMSU |
| 942 ## - ADDED ENTRY ELEMENTS (KOHA) |
| Source of classification or shelving scheme |
Dewey Decimal Classification |
| Koha item type |
Libros |